| 000 | 00641nam a22002537a 4500 | ||
|---|---|---|---|
| 001 | BR2023000576 | ||
| 003 | BR-BrBNA | ||
| 005 | 20230525120630.0 | ||
| 008 | 230525b bl.||||| |||| 00| 0 por d | ||
| 020 | _a978-85-89196-75-8 | ||
| 040 |
_aBR-BrBNA _bpor |
||
| 041 | _apor | ||
| 072 | _aB50 | ||
| 090 | _aB50 BR2023000576 | ||
| 100 | _aTadano, Maçao | ||
| 245 | _aMaçao Tadano: 48 anos da trajetória vitoriosa de um nissei | ||
| 260 |
_aBrasília, DF (Brazil) _c2017 |
||
| 300 |
_a274 p. _c15,5 x 22,5 cm |
||
| 500 | _a218 illus. | ||
| 650 | _aHISTÓRIA | ||
| 650 | _aBIOGRAFIA | ||
| 909 |
_a202305 _bFernando |
||
| 942 | _cBK | ||
| 999 |
_c9225 _d9225 |
||